[Event "11th Mumbai Mayors Cup 2018"]
[Site "Mumbai"]
[Date "2018.06.09"]
[Round "9"]
[White "Nguyen, Van Huy"]
[Black "Phadke Sohan"]
[Result "1-0"]
[WhiteElo "2451"]
[BlackElo "2222"]
[Annotator "TA"]
[PlyCount "101"]
[EventDate "2018.??.??"]
[EventType "swiss"]
[EventCountry "IND"]
[SourceTitle "playchess.com"]
[Source "ChessBase"]
[SourceQuality "1"]

{[%evp 15,101,27,24,16,11,6,23,0,0,0,21,12,18,19,20,21,25,27,117,115,119,115,118,121,157,140,144,125,137,124,128,122,158,137,149,147,140,151,198,184,289,278,293,291,284,224,274,260,383,362,377,375,424,417,427,325,325,325,325,325,325,325,325,325,333,325,456,453,426,315,457,457,457,457,457,457,457,457,457,453,453,442,403,402,420,414,437,413]} 1. d4 f5 2. Nf3 Nf6 3. g3 e6 4. Bg2 d5 5. O-O Bd6 6. c4 O-O 7. Nc3 c6 8. Qc2 Qe7 9. Rb1 {A90: Dutch Defence: Miscellaneous and Modern Stonewall (with ...Bd6)} Nbd7 {[%cal Bb8d7,Bd7b6,Bb6c4][%mdl 32]} (9... Bd7 10. c5 Bc7 11. b4 Ne4 12. Nxe4 fxe4 13. Bg5 Qf7 14. Ne5 Bxe5 15. dxe5 Be8 16. f3 Nd7 17. fxe4 {½-½ (48) Wojtaszek,R (2750)-Sadzikowski,D (2588) Warsaw 2018}) 10. cxd5 exd5 11. Ne1 {White has an edge.} Ne4 12. Nd3 a5 $146 ({Predecessor:} 12... Nb6 13. Bf4 Nc4 14. Rbd1 Bd7 15. b3 Na3 16. Bxd6 Qxd6 {1-0 (42) Muse,M (2470)-Glienke,M (2385) Germany 1999}) 13. Bf4 Bxf4 14. Nxf4 Nb6 15. e3 Nc4 16. Rbc1 Bd7 (16... g5 $11 {keeps the balance.} 17. Nd3 (17. Ncxd5 cxd5 18. Nxd5 Qf7 $15) 17... b6) 17. Nxe4 $16 fxe4 {[#]} 18. Bxe4 $1 {[%mdl 512]} dxe4 19. Qxc4+ Kh8 20. Qc5 Qf7 21. a3 Bg4 22. h4 Qd7 23. Qe5 Rae8 24. Qxa5 Bf3 25. Kh2 $1 Ra8 26. Qc5 Rf5 27. d5 {[%cal Rd5c6]} g5 (27... Rf6 {keeps fighting.} 28. Qb4 h6) 28. dxc6 bxc6 29. Qc3+ ({Weaker is} 29. Qxc6 Qxc6 30. Rxc6 gxf4 $15) 29... Kg8 30. Nh3 ({Worse is} 30. Qxc6 Qxc6 31. Rxc6 gxf4 $11) 30... Be2 31. Rfe1 ({Don't do} 31. Nxg5 $6 Bxf1 32. Rxf1 Re8 $18) 31... Bd3 (31... Bg4 $142) 32. Qxc6 $18 Qxc6 33. Rxc6 g4 34. Nf4 Rb5 35. Rec1 Rxb2 36. Rc8+ Rxc8 37. Rxc8+ Kf7 38. Nxd3 exd3 {[%mdl 4096] Endgame [#] KR-KR} 39. Kg2 $1 Ke6 40. Rd8 Rb3 (40... d2 {is a better defense.} 41. Kf1 Ra2) 41. a4 Ra3 42. a5 h5 (42... Kf5 $142 43. a6 h5) 43. a6 Kf6 44. a7 Rxa7 45. Rxd3 Ra2 46. Rd5 Kg6 47. Kf1 Ra1+ {[#]} 48. Ke2 $1 Ra2+ 49. Rd2 Ra3 50. f3 gxf3+ 51. Kxf3 {Precision: White = 83%, Black = 45%.} 1-0

[Event "11th Mumbai Mayors Cup 2018"]
[Site "Mumbai"]
[Date "2018.06.09"]
[Round "9"]
[White "Rathnakaran, K.."]
[Black "Neverov, Valeriy"]
[Result "0-1"]
[WhiteElo "2385"]
[BlackElo "2492"]
[Annotator "TA"]
[PlyCount "102"]
[EventDate "2018.??.??"]
[EventType "swiss"]
[EventCountry "IND"]
[SourceTitle "playchess.com"]
[Source "ChessBase"]
[SourceQuality "1"]

{[%evp 17,102,27,30,0,-9,-25,-33,-32,0,0,0,-39,-27,-93,-83,-139,-135,-162,-152,-271,-266,-262,-282,-459,-452,-570,-594,-1011,-647,-666,-656,-711,-704,-610,-317,-603,-559,-962,-802,-1093,-1079,-29990,-29991,-29995,-1704,-1700,-1689,-1657,-1642,-1656,-1129,-1112,-1085,-1277,-1285,-1591,-1569,-2102,-1478,-1536,-1458,-1994,-1478,-2354,-2146,-29989,-29990,-29992,-29993,-29993,-29994,-29994,0,-29989,0,-29994,-29995,-29995,-29996,-29997,-29989,-29989,-29990,-29991,-29992,-29992,-29993]} 1. e4 c5 2. Nf3 d6 3. c3 Nf6 4. Bd3 Nc6 5. Bc2 Bg4 6. h3 Bxf3 7. Qxf3 g6 8. O-O Bg7 9. d3 O-O 10. g4 $146 {B50: Sicilian: 2...d6, Miscellaneous} ({Predecessor:} 10. Qe2 b5 11. a3 Nd7 12. Be3 a5 13. Nd2 Nb6 14. Nf3 Rb8 15. a4 b4 16. d4 bxc3 17. bxc3 cxd4 18. cxd4 d5 19. e5 Nc4 20. Bg5 {½-½ (69) Smeets,J (2608)-Van Wely,L (2657) Amstelveen 2017}) 10... b5 11. Qg3 b4 12. f4 {Black is slightly better.} bxc3 13. Nxc3 Rb8 14. Bd1 Nd7 15. h4 (15. Ba4 $11 {keeps the balance.} Nd4 16. Qf2) 15... Qa5 $36 {[%mdl 2048] Black is really pushing.} 16. e5 ({White should try} 16. Qe1) 16... dxe5 17. f5 Nd4 18. h5 (18. Qh3 $17) 18... gxf5 $1 $19 19. h6 Bf6 20. g5 $2 (20. Kh1) 20... Kh8 21. Qh4 ({Don't play} 21. gxf6 Rg8) 21... Rg8 22. Kf2 c4 {Threatens to win with ...Bxg5!} 23. gxf6 Nxf6 24. dxc4 Qc5 {...Nc2+ is the strong threat.} 25. Ke1 Qxc4 {And now ...Nc2+ would win.} 26. Qh2 $2 (26. Bg5 Qa6 27. Rg1) 26... f4 27. a4 Rg3 28. Ra3 Rbg8 29. Rf2 Rg1+ 30. Kd2 {[#]} Rd8 (30... Ne4+ $142 $1 {[%mdl 512]} 31. Nxe4 {[#]} Nb3+ $1 {[%mdl 512]} 32. Rxb3 Rd8+ 33. Nd6 Rxd6+ 34. Rd3 Qxd3#) 31. Qxg1 Ne2+ 32. Ke1 Nxg1 33. Rg2 Rg8 34. Rxg8+ Nxg8 35. b4 Nxh6 36. b5 Nf5 37. a5 Qc5 38. b6 f3 {( -> ...f2+)} 39. Ne4 Qxc1 40. b7 Qb1 41. a6 Qxe4+ 42. Kf1 Qc4+ 43. Ke1 Qb4+ 44. Kf1 Qc4+ 45. Ke1 Qb4+ 46. Kf1 Ng3+ {Black mates.} 47. Kf2 Qd2+ 48. Kxg3 Qf4+ 49. Kf2 Nh3+ 50. Ke1 Qb4+ 51. Kf1 Qb5+ {Precision: White = 20%, Black = 70%.} 0-1

[Event "11th Mumbai Mayors Cup 2018"]
[Site "Mumbai"]
[Date "2018.06.09"]
[Round "9"]
[White "Sammed Jaykumar, Shete"]
[Black "Aaryan Varshney"]
[Result "0-1"]
[WhiteElo "2375"]
[BlackElo "2209"]
[Annotator "ChessBase"]
[PlyCount "98"]
[EventDate "2018.??.??"]
[EventType "swiss"]
[EventCountry "IND"]
[SourceTitle "playchess.com"]
[Source "ChessBase"]
[SourceQuality "1"]
[TimeControl "5400+30"]

1. e4 {[%emt 0:00:00]} c5 {[%emt 0:00:03]} 2. Nf3 {[%emt 0:00:00]} d6 {[%emt 0:00:03]} 3. d4 {[%emt 0:00:00]} cxd4 {[%emt 0:00:03]} 4. Nxd4 {[%emt 0:00:00]} Nf6 {[%emt 0:00:05]} 5. Nc3 {[%emt 0:00:00]} a6 {[%emt 0:00:02]} 6. h3 {[%emt 0:00:00]} e5 {[%emt 0:00:05]} 7. Nde2 {[%emt 0:00:01]} Be7 {[%emt 0:00:06]} 8. g4 {[%emt 0:00:05]} O-O {[%emt 0:00:05]} 9. Bg2 {[%emt 0:00:26]} Be6 {[%emt 0:00:20]} 10. O-O {[%emt 0:03:03]} Nbd7 {[%emt 0:00:05]} 11. Nd5 {[%emt 0:04:49]} Bxd5 {[%emt 0:01:16]} 12. exd5 {[%emt 0:00:05]} Rc8 {[%emt 0:02:22]} 13. a4 {[%emt 0:02:28]} Ne8 {[%emt 0:07:35]} 14. Kh1 {[%emt 0:07:12]} Bg5 {[%emt 0:02:56]} 15. f4 {[%emt 0:02:53]} exf4 {[%emt 0:04:24]} 16. Nxf4 {[%emt 0:00:10]} h6 {[%emt 0:04:01]} 17. Be3 {[%emt 0:04:25]} Nef6 {[%emt 0:00:55]} 18. a5 {[%emt 0:12:53]} Re8 {[%emt 0:05:12]} 19. Bd4 {[%emt 0:02:34]} Qc7 {[%emt 0:04:44]} 20. c3 {[%emt 0:02:01]} Nc5 {[%emt 0:03:18]} 21. Kh2 {[%emt 0:07:39]} Re7 {[%emt 0:06:44]} 22. Ne2 {[%emt 0:07:12]} Nce4 {[%emt 0:07:47]} 23. Ng3 {[%emt 0:09:43]} Nxg3 {[%emt 0:01:54]} 24. Kxg3 {[%emt 0:00:08]} Ne4+ {[%emt 0:03:21]} 25. Kh2 {[%emt 0:00:45]} Rce8 {[%emt 0:00:40]} 26. Rf5 {[%emt 0:02:56]} Bf6 {[%emt 0:04:57]} 27. Bb6 {[%emt 0:08:24]} Qc8 {[%emt 0:03:26]} 28. Bxe4 {[%emt 0:12:55]} Rxe4 {[%emt 0:00:11]} 29. Qd3 {[%emt 0:00:13]} Bh4 {[%emt 0:14:29]} 30. Raf1 {[%emt 0:00:46]} Re2+ {[%emt 0:00:29]} 31. Kh1 {[%emt 0:00:06]} f6 {[%emt 0:01:46]} 32. b4 {[%emt 0:02:12]} R8e7 {[%emt 0:08:53]} 33. Bg1 {[%emt 0:02:52]} Qe8 {[%emt 0:01:45]} 34. R5f3 {[%emt 0:00:36]} R7e4 {[%emt 0:00:26]} 35. c4 {[%emt 0:02:42]} Bg5 {[%emt 0:06:09]} 36. c5 {[%emt 0:01:17]} Rd2 {[%emt 0:00:38]} 37. Qc3 {[%emt 0:01:03]} Rxd5 {[%emt 0:02:11]} 38. Qb3 {[%emt 0:00:21]} Qe6 {[%emt 0:00:19]} 39. Rf5 {[%emt 0:00:58]} Rd2 {[%emt 0:00:54]} 40. Qg3 {[%emt 0:02:22]} Be3 {[%emt 0:01:56]} 41. Bh2 {[%emt 0:00:39]} dxc5 {[%emt 0:01:03]} 42. Qb8+ {[%emt 0:00:17]} Kh7 {[%emt 0:00:39]} 43. b5 {[%emt 0:00:23]} Bd4 {[%emt 0:00:44]} 44. Qxb7 {[%emt 0:00:35]} Ree2 {[%emt 0:01:25]} 45. Bf4 {[%emt 0:00:35]} Rb2 {[%emt 0:01:59]} 46. b6 {[%emt 0:01:10]} Qa2 {[%emt 0:00:31]} 47. Qc7 {[%emt 0:00:24]} Be5 {[%emt 0:00:31]} 48. Bxe5 {[%emt 0:01:07]} Qd5+ {[%emt 0:00:22]} 49. R5f3 {[%emt 0:00:10]} Qxf3+ {[%emt 0:00:08]} 0-1

[Event "11th Mumbai Mayors Cup 2018"]
[Site "Mumbai"]
[Date "2018.06.09"]
[Round "9"]
[White "Sankalp Gupta"]
[Black "Rozum, Ivan"]
[Result "0-1"]
[WhiteElo "2365"]
[BlackElo "2581"]
[Annotator "TA"]
[PlyCount "122"]
[EventDate "2018.??.??"]
[EventType "swiss"]
[EventCountry "IND"]
[SourceTitle "playchess.com"]
[Source "ChessBase"]
[SourceQuality "1"]

{[%evp 11,122,21,37,13,27,23,33,19,39,6,11,11,17,0,-1,-9,-10,-14,-9,-10,-13,-12,-10,-23,0,0,-1,-2,-2,-4,3,9,24,0,0,0,4,-13,0,-6,-4,-27,-16,-22,-19,-32,-24,-151,-121,-140,-138,-152,-159,-164,-158,-165,-158,-165,-155,-148,-158,-134,-113,-104,-88,-147,-102,-104,-142,-136,-136,-981,-910,-1203,-1092,-883,-652,-2313,-1937,-29968,-29969,-120,-2056,-29972,-29971,-29970,-29969,-29978,-29979,-29979,-29980,-29979,-29971,-29976,-29977,-29977,-29978,-29977,-29978,-29977,-29977,-29981,-29982,-29982,-29984,-29983,-29984,-29984,-29985,-29986,-29986,-29987,-29988]} 1. e4 d5 2. exd5 Qxd5 3. Nf3 g6 (3... Nf6 4. Be2 Bf5 5. d4 c6 6. O-O e6 7. c4 Qd6 8. Nh4 Bg6 9. Nc3 Be7 10. g3 O-O 11. Nxg6 hxg6 12. Bf4 {½-½ (25) Lupulescu,C (2620)-Laznicka,V (2654) Germany 2018}) 4. Be2 Bg7 5. c4 Qd8 6. d4 {B01: Scandinavian Defence} Nh6 {LiveBook: 7 Games} 7. Bd2 Nf5 $146 ({Predecessor:} 7... O-O 8. Bc3 c6 9. O-O Nd7 10. Qb3 {1-0 (56) Velten,P (2479)-Youssoupov,M (2227) Saint Quentin 2016}) 8. Bc3 {White has an edge.} O-O 9. d5 f6 10. Na3 e5 11. dxe6 Bxe6 12. Qxd8 Rxd8 13. Nb5 Na6 14. Nfd4 Nxd4 15. Nxd4 Bf7 16. O-O-O f5 17. Nb5 Re8 (17... Bh6+ {looks sharper.} 18. Kb1 Bf8 19. Bd4 c6 20. Nc3 Bc5) 18. Bf3 Bxc3 19. Nxc3 c6 20. b3 Re7 21. h4 Rae8 22. Rd2 Nc5 23. Rhd1 a5 24. Rd8 Kg7 25. Rxe8 Rxe8 26. Rd2 Kf6 27. Ne2 h6 {[%cal Bh7h6,Bh6g5,Bg5g4][%mdl 32]} 28. Nf4 Re1+ 29. Rd1 (29. Kc2 $1 $11 {keeps the balance.}) 29... Rxd1+ $17 30. Bxd1 {[%mdl 4096] Endgame KBN-KBN} g5 31. hxg5+ hxg5 32. Nh3 g4 $1 {[%cal Rg4h3]} 33. Nf4 Ke5 34. g3 Ne4 35. Nd3+ Kd4 36. Bc2 {[#]} a4 $1 {[%mdl 512]} 37. Nf4 (37. bxa4 Bxc4) 37... a3 38. Ne2+ (38. Ng2 $142) 38... Ke5 39. Bxe4 Kxe4 {KB-KN} 40. Kd2 {[#]} b5 $1 41. Nc3+ $2 {[%mdl 8192]} (41. cxb5 $17 cxb5 42. Nc1) 41... Kf3 $19 42. Ke1 b4 43. Ne2 c5 44. Nc1 {[#]} f4 $1 {[%cal Rf4g3]} 45. gxf4 Bg6 46. Kf1 Kxf4 $2 {[%mdl 8192]} (46... Bb1 $17 47. Ke1 Kxf4) 47. Ke2 Bf5 {Black mates.} 48. Ke1 Kf3 49. Kf1 g3 50. fxg3 Ke3 51. g4 Be6 52. Ke1 Bxg4 53. Ne2 Kd3 54. Ng3 Kc2 55. Ne4 Kb2 56. Kd2 Kxa2 57. Kc1 Kxb3 58. Nxc5+ Ka2 59. Nd3 b3 {[%cal Bb4b3,Bb3c2][%mdl 32]} 60. Nb4+ Ka1 61. Nc2+ bxc2 {Precision: White = 38%, Black = 71%.} 0-1

[Event "11th Mumbai Mayors Cup 2018"]
[Site "Mumbai"]
[Date "2018.06.09"]
[Round "9"]
[White "Siva Mahadevan"]
[Black "Samant Aditya S"]
[Result "0-1"]
[WhiteElo "2346"]
[BlackElo "2121"]
[Annotator "ChessBase"]
[PlyCount "102"]
[EventDate "2018.??.??"]
[EventType "swiss"]
[EventCountry "IND"]
[SourceTitle "playchess.com"]
[Source "ChessBase"]
[SourceQuality "1"]
[TimeControl "5400+30"]

1. e4 {[%emt 0:11:56]} c5 {[%emt 0:00:08]} 2. Nf3 {[%emt 0:00:07]} d6 {[%emt 0:00:07]} 3. d4 {[%emt 0:00:07]} cxd4 {[%emt 0:00:05]} 4. Nxd4 {[%emt 0:00:09]} Nf6 {[%emt 0:00:05]} 5. Nc3 {[%emt 0:00:06]} Nc6 {[%emt 0:00:37]} 6. Bg5 {[%emt 0:00:45]} e6 {[%emt 0:00:12]} 7. Qd2 {[%emt 0:00:07]} a6 {[%emt 0:00:16]} 8. O-O-O {[%emt 0:00:13]} Bd7 {[%emt 0:00:09]} 9. f3 {[%emt 0:00:10]} Be7 {[%emt 0:00:14]} 10. Be3 {[%emt 0:00:17]} O-O {[%emt 0:03:00]} 11. g4 {[%emt 0:01:10]} Nxd4 {[%emt 0:00:43]} 12. Qxd4 {[%emt 0:01:50]} Bc6 {[%emt 0:05:57]} 13. g5 {[%emt 0:04:40]} Nd7 {[%emt 0:07:54]} 14. h4 {[%emt 0:00:39]} b5 {[%emt 0:02:14]} 15. Kb1 {[%emt 0:14:05]} b4 {[%emt 0:02:40]} 16. Ne2 {[%emt 0:02:55]} d5 {[%emt 0:05:23]} 17. Bg2 {[%emt 0:22:49]} e5 {[%emt 0:10:15]} 18. Qd2 {[%emt 0:00:20]} dxe4 {[%emt 0:05:38]} 19. fxe4 {[%emt 0:00:49]} Qc7 {[%emt 0:02:12]} 20. Ng3 {[%emt 0:03:13]} Nc5 {[%emt 0:09:02]} 21. h5 {[%emt 0:18:35]} Rad8 {[%emt 0:10:16]} 22. Qf2 {[%emt 0:00:59]} Ne6 {[%emt 0:13:07]} 23. Nf5 {[%emt 0:02:45]} Rxd1+ {[%emt 0:01:22]} 24. Rxd1 {[%emt 0:00:01]} Bxg5 {[%emt 0:01:00]} 25. Bxg5 {[%emt 0:00:30]} Nxg5 {[%emt 0:00:12]} 26. Qc5 {[%emt 0:00:28]} Rd8 {[%emt 0:05:23]} 27. Rd5 {[%emt 0:00:40]} Rd7 {[%emt 0:02:00]} 28. Rxd7 {[%emt 0:06:16]} Qxd7 {[%emt 0:00:05]} 29. Kc1 {[%emt 0:00:42]} Bxe4 {[%emt 0:06:53]} 30. Ne7+ {[%emt 0:00:14]} Kh8 {[%emt 0:00:05]} 31. Qxe5 {[%emt 0:00:12]} Ne6 {[%emt 0:01:59]} 32. Bh3 {[%emt 0:07:33]} Qxe7 {[%emt 0:01:10]} 33. Bxe6 {[%emt 0:00:21]} Bc6 {[%emt 0:01:21]} 34. Qb8+ {[%emt 0:00:41]} Qe8 {[%emt 0:02:33]} 35. Qxe8+ {[%emt 0:00:07]} Bxe8 {[%emt 0:00:04]} 36. Bc4 {[%emt 0:00:14]} a5 {[%emt 0:00:05]} 37. Kd2 {[%emt 0:00:03]} f5 {[%emt 0:00:50]} 38. Be2 {[%emt 0:00:14]} Kg8 {[%emt 0:00:53]} 39. c4 {[%emt 0:00:53]} bxc3+ {[%emt 0:00:50]} 40. bxc3 {[%emt 0:00:47]} Kf7 {[%emt 0:01:19]} 41. Ke3 {[%emt 0:00:13]} Ke6 {[%emt 0:00:47]} 42. Kd4 {[%emt 0:00:13]} g5 {[%emt 0:00:36]} 43. hxg6 {[%emt 0:00:19]} hxg6 {[%emt 0:00:05]} 44. c4 {[%emt 0:00:08]} Bc6 {[%emt 0:01:08]} 45. c5 {[%emt 0:01:43]} f4 {[%emt 0:01:08]} 46. Bc4+ {[%emt 0:01:05]} Kd7 {[%emt 0:00:30]} 47. Ke5 {[%emt 0:00:29]} f3 {[%emt 0:00:06]} 48. Kf6 {[%emt 0:00:29]} f2 {[%emt 0:00:50]} 49. Bf1 {[%emt 0:00:33]} a4 {[%emt 0:00:53]} 50. Kxg6 {[%emt 0:00:30]} a3 {[%emt 0:00:06]} 51. Bc4 {[%emt 0:00:24]} Bd5 {[%emt 0:00:26]} 0-1

[Event "11th Mumbai Mayors Cup 2018"]
[Site "Mumbai"]
[Date "2018.06.09"]
[Round "9"]
[White "Mitrabha, Guha"]
[Black "Tukhaev, Adam"]
[Result "0-1"]
[WhiteElo "2330"]
[BlackElo "2557"]
[Annotator "TA"]
[PlyCount "134"]
[EventDate "2018.??.??"]
[EventType "swiss"]
[EventCountry "IND"]
[SourceTitle "playchess.com"]
[Source "ChessBase"]
[SourceQuality "1"]

{[%evp 11,134,35,19,-5,15,0,-12,-32,-19,-38,-36,-35,-21,-11,-25,-68,-29,-29,-27,-20,-22,-25,-33,-48,-49,-65,-58,-60,-45,-70,-69,-68,-50,-69,-68,-77,-58,-72,-64,-66,-68,-82,-81,-73,-49,-91,-89,-91,-90,-112,-110,-116,-111,-104,-91,-91,-91,-100,-108,-127,-108,-118,-104,-145,-155,-185,-180,-187,-180,-177,-171,-233,-141,-146,-136,-153,-153,-153,-153,-153,-146,-131,-132,-131,-127,-124,-100,-155,-152,-247,-251,-271,-211,-243,-246,-171,-66,-586,-552,-12827,-12827,-12804,-12822,-2743,-12822,-2684,-2617,-1738,-2463,-2214,-1744,-518,-429,-12838,-12837,-12845,-12846,-29988,-29989,-29990,-29991,-29994,-29995,-29995,-29996]} 1. d4 g6 2. Nf3 Bg7 3. g3 c5 4. c3 Qb6 5. Bg2 Nf6 {[%cal Bg8f6,Bf6d5,Bd5b4,Bb4a2][%mdl 32]} 6. O-O O-O 7. Qb3 {A49: 1 d4 Nf6 2 Nf3 g6 3 g3: Anti-King's Indian systems} d6 8. Qxb6 $146 ({Predecessor:} 8. Bg5 Nc6 9. Bxf6 Bxf6 10. e3 Qc7 11. Nbd2 Be6 12. Qd1 cxd4 13. exd4 d5 14. Re1 Rfd8 {½-½ (82) Petrosian,T (2651)-Minasian,A (2488) Yerevan 2014}) 8... axb6 9. Nbd2 {The position is equal.} Nc6 10. b3 Nd5 11. Bb2 cxd4 12. cxd4 Ndb4 13. Nc4 b5 14. Nb6 Rxa2 15. Rxa2 Nxa2 16. Ra1 Nab4 17. Nxc8 Rxc8 18. Bf1 Nd5 19. e3 Nc7 20. Nd2 d5 21. Nf3 e6 22. Ne1 Bf8 23. Nd3 Bd6 24. Be2 Kf8 25. Kf1 Ke7 26. Ke1 f6 27. f4 h5 {[%cal Bh7h5,Bh5h4][%mdl 32]} 28. Kd2 b6 29. Rc1 Kd7 30. Bc3 b4 31. Bb2 Na5 32. Bd1 {[#]} h4 $1 {[%mdl 512]} 33. g4 (33. gxh4 Rh8) 33... h3 34. Ke2 g5 35. Kf3 gxf4 36. Nxf4 Rh8 37. Bc2 Nb5 $1 38. Bd3 Na3 39. Bxa3 bxa3 40. Bb5+ Kd8 41. b4 (41. Ra1 {was worth a try.}) 41... Nb3 ({Weaker is} 41... Bxb4 42. Nxe6+ Ke7 43. Nf4 $15) 42. Rc2 {next Ba4 is good for White.} Bxf4 $1 ({Reject} 42... Bxb4 $6 43. Nxe6+ Ke7 44. Nc7 $11) 43. Kxf4 $17 {[%mdl 4096] Endgame KRB-KRN} Rh7 $1 {[%cal Rh7a7] Hoping for ...Ra7.} 44. Ba4 Rc7 $1 {[%cal Rc7c2]} 45. Ra2 Rc3 $1 46. Rxa3 {[#]} Nxd4 $1 {[%mdl 512]} 47. Rxc3 (47. exd4 Rxa3) 47... Ne2+ 48. Kf3 Nxc3 {KB-KN} 49. Bc2 (49. Bb3 $142) 49... Na2 50. b5 (50. Kg3 $17 {was called for.}) 50... Nc3 $19 51. Bd3 e5 52. Bf1 Ke7 $1 53. Kg3 e4 (53... Kf7 $19 54. Kf3 Kg6) 54. Kf4 $2 {[%mdl 8192]} (54. Kf2 $1 $15) 54... Ke6 55. g5 fxg5+ 56. Kxg5 Ke5 57. Bxh3 {[#]} Nd1 $1 {[%cal Rd1e3]} 58. Bd7 Nxe3 59. h4 d4 {[%cal Bd5d4,Bd4d3,Bd3d2][%mdl 32]} 60. h5 Nd5 {...e3 is the strong threat.} 61. h6 Nf6 62. Bf5 (62. Bh3 $142 d3 63. Bf1) 62... d3 63. Bg6 {[#]} Nh7+ $1 64. Kh4 Kf4 {Black mates.} 65. Kh3 Ng5+ 66. Kg2 d2 67. Bh5 Nf3 {Precision: White = 38%, Black = 79%.} 0-1

[Event "11th Mumbai Mayors Cup 2018"]
[Site "Mumbai"]
[Date "2018.06.09"]
[Round "9"]
[White "Kulkarni, Vikramaditya"]
[Black "Amonatov, Farrukh"]
[Result "0-1"]
[WhiteElo "2323"]
[BlackElo "2605"]
[Annotator "TA"]
[PlyCount "76"]
[EventDate "2018.??.??"]
[EventType "swiss"]
[EventCountry "IND"]
[SourceTitle "playchess.com"]
[Source "ChessBase"]
[SourceQuality "1"]

{[%evp 12,76,21,14,11,7,35,15,23,14,41,40,47,47,63,44,93,76,88,99,97,42,86,86,78,70,56,30,27,18,36,22,29,-23,-25,-109,-102,-130,-139,-166,-106,-122,-120,-120,-119,-127,-110,-274,-269,-347,-356,-346,-342,-338,-338,-282,-209,-480,-364,-671,-670,-701,-486,-547,-523,-769,-741]} 1. d4 Nf6 2. c4 g6 3. Nc3 Bg7 4. e4 O-O 5. Nf3 c6 6. e5 Ne8 7. Be2 d6 {E70: King's Indian: Miscellaneous lines with 4 e4, including 5 Nge2 and 5 Bd3 0-0 6 Nge2} 8. O-O (8. exd6 Nxd6 9. O-O Bg4 10. d5 Bxf3 11. Bxf3 Nxc4 12. Qb3 Nb6 13. Rd1 Qc7 14. Be3 N8d7 15. Rac1 {0-1 (65) Flores Rios,M (2529)-Jobava,B (2690) chess.com INT 2018}) 8... Bg4 9. Qb3 (9. Ng5 $5 {[%cal Re2g4]} Bxe2 10. Qxe2 $14) 9... Qb6 {The position is equal.} 10. Bg5 $146 ({Predecessor:} 10. Na4 Qxb3 11. axb3 Nd7 12. Bg5 dxe5 13. dxe5 f6 14. exf6 exf6 15. Be3 {0-1 (50) Schubert,G-Koeller,O (2340) Kassel 1993}) 10... Qxb3 (10... Qc7 {feels hotter.} 11. exd6 Nxd6 12. Bf4 Qb6 13. Rfe1 Re8) 11. axb3 f6 12. exf6 Nxf6 13. Rfe1 h6 14. Bd2 Na6 15. h3 Bf5 16. Nh4 (16. Bd1 $16) 16... Nd7 17. Bd1 e5 18. d5 Ndc5 19. Nxf5 (19. dxc6 {with more complications.} bxc6 20. Re3 Bf6 21. Nxf5 gxf5 22. Rf3) 19... gxf5 20. g4 fxg4 21. dxc6 bxc6 22. Ne4 (22. hxg4 $142 Nb4 23. Re2) 22... gxh3 $11 23. Ng3 (23. Be3 $11 {remains equal.}) 23... Nc7 $17 24. Bc2 N7e6 {aiming for ...Nd4.} 25. Be3 {[#]} a5 (25... Nd4 $1 $19 {[%cal Rd4c2]} 26. Bxd4 exd4) 26. Rad1 Nd4 27. Bxd4 exd4 {[%cal Be5d4,Bd4d3][%mdl 32]} 28. Nf5 Rfe8 {...Rxe1+ is the strong threat.} 29. Ne7+ $2 (29. Re7 $17 Rxe7 30. Nxe7+ Kf7 31. Nxc6) 29... Kf8 $19 30. Nxc6 {[#]} Rxe1+ $1 31. Rxe1 d3 32. Bd1 Bxb2 33. Re3 Ra6 34. Nd8 $2 (34. Rf3+ Ke8 35. Re3+ Kf7 36. Rf3+ Bf6 37. Nd4) 34... Be5 35. Rf3+ $2 (35. Rxh3 Ke7 36. Nb7 Nxb7 37. Rxd3) 35... Ke7 {Black is clearly winning.} 36. Nf7 Bg7 37. Kh2 Ra8 38. Kxh3 Rf8 {Precision: White = 32%, Black = 54%.} 0-1

[Event "11th Mumbai Mayors Cup 2018"]
[Site "Mumbai"]
[Date "2018.06.09"]
[Round "9"]
[White "Kulkarni Bhakti"]
[Black "Neelotpal, Das"]
[Result "1/2-1/2"]
[WhiteElo "2294"]
[BlackElo "2447"]
[Annotator "TA"]
[PlyCount "61"]
[EventDate "2018.??.??"]
[EventType "swiss"]
[EventCountry "IND"]
[SourceTitle "playchess.com"]
[Source "ChessBase"]
[SourceQuality "1"]

{[%evp 15,61,18,37,0,16,0,35,18,47,47,35,16,16,7,9,19,22,4,26,25,39,19,25,6,46,46,46,46,46,29,42,47,43,39,40,30,31,31,45,22,22,22,22,22,38,25,25,25]} 1. e4 c5 2. Nf3 d6 3. Bb5+ Nd7 4. O-O Ngf6 5. Re1 a6 6. Bxd7+ Nxd7 7. d4 {B51: Sicilian: Moscow Variation (3 Bb5+) without 3...Bd7} cxd4 8. Qxd4 e5 {LiveBook: 4 Games} 9. Qd2 {White is slightly better.} (9. Qd1 Be7 10. Nc3 O-O 11. Nd5 Nf6 12. Nxe7+ Qxe7 13. b3 Rd8 {½-½ (13) Popovics,A (2380)-Golubka,P (2509) Budapest 2018}) 9... Be7 10. c4 Nc5 $146 ({Predecessor:} 10... Nf6 11. Nc3 Bd7 12. Qd3 h6 13. b3 O-O 14. a4 Qa5 {½-½ (41) Pergel,L (2342)-Pataki,G (2319) Hungary 2003}) 11. Nc3 f5 12. exf5 Bxf5 13. Nd5 {Black must now prevent b4.} O-O $1 14. b3 Bg4 15. Nxe7+ Qxe7 16. Ng5 b5 17. Ba3 {Hoping for Bxc5.} Rad8 $1 18. Qe3 bxc4 {Black wants to play ...Nd3.} 19. bxc4 Nd3 20. Qxd3 {[%csl Gg5][%cal Rd3h7] [#]} Qxg5 21. Qg3 {h3 is the strong threat.} Qf4 22. c5 dxc5 23. Rxe5 Qxg3 24. hxg3 Rf5 25. Rxf5 Bxf5 26. Bxc5 $14 {KRB-KRB} Bc2 27. Kf1 Rd1+ 28. Rxd1 Bxd1 29. Ke1 Ba4 30. Kd2 h5 31. Ke3 {Precision: White = 66%, Black = 64%.} 1/2-1/2